[Event "Barcelona Sant Marti op 10th"]
[Site "Barcelona"]
[Date "2023.03.02"]
[Round "8"]
[White "Salazar Navas, Josep"]
[Black "Colom Andres, Xavier"]
[Result "1-0"]
[WhiteElo "1584"]
[BlackElo "1764"]
[PlyCount "67"]
[EventDate "2023.01.12"]
[EventType "swiss"]
[EventRounds "9"]
[EventCountry "ESP"]
[SourceTitle "CBM 213 Extra"]
[Source "ChessBase"]
[SourceDate "2023.05.31"]
[SourceVersion "1"]
[SourceVersionDate "2023.05.31"]
[SourceQuality "1"]

1. e4 c6 2. Nf3 d5 3. d3 Bg4 4. h3 Bh5 5. g4 Bg6 6. exd5 cxd5 7. Ne5 e6 8. h4 Bd6 9. Bf4 Bxe5 10. Bxe5 f6 11. Bg3 Nc6 12. h5 Bf7 13. Bg2 Nge7 14. Nc3 e5 15. Qd2 Be6 16. h6 g6 17. g5 f5 18. f4 e4 19. Bf2 d4 20. Nb5 e3 21. Bxe3 dxe3 22. Qxe3 Kf7 23. Qc5 Rf8 24. Nd6+ Kg8 25. Qc3 Rf7 26. Nxf7 Kxf7 27. Qf6+ Ke8 28. Bxc6+ bxc6 29. Qxe6 Qa5+ 30. c3 Rb8 31. 0-0-0 Qb6 32. b3 Rb7 33. Rhe1 Qf2 34. Qc8+ 1-0

[Event "Barcelona Sant Marti op 10th"]
[Site "Barcelona"]
[Date "2023.02.09"]
[Round "5"]
[White "Popovic, Milena"]
[Black "Colom Andres, Xavier"]
[Result "0-1"]
[WhiteElo "1416"]
[BlackElo "1764"]
[PlyCount "60"]
[EventDate "2023.01.12"]
[EventType "swiss"]
[EventRounds "9"]
[EventCountry "ESP"]
[SourceTitle "CBM 213 Extra"]
[Source "ChessBase"]
[SourceDate "2023.05.31"]
[SourceVersion "1"]
[SourceVersionDate "2023.05.31"]
[SourceQuality "1"]

1. e4 c6 2. Nf3 d5 3. e5 c5 4. Bb5+ Bd7 5. c4 Bxb5 6. cxb5 e6 7. a3 Ne7 8. Nc3 Nd7 9. 0-0 Ng6 10. Re1 Be7 11. d4 0-0 12. Na4 Rc8 13. g3 cxd4 14. Qxd4 Qa5 15. Nc3 Rc4 16. Qe3 Qc7 17. Nd2 d4 18. Qe2 Rc5 19. Nde4 dxc3 20. bxc3 Rxe5 21. Bb2 f5 22. f3 fxe4 23. fxe4 Bc5+ 24. Kh1 Rf2 25. Qg4 Nf6 26. Qd1 Rh5 27. Qxh5 Nxh5 28. Bc1 Rxh2+ 29. Kxh2 Qxg3+ 30. Kh1 Qh3# 0-1

[Event "Barcelona Vila de Grаcia op 16th"]
[Site "Barcelona"]
[Date "2022.10.07"]
[Round "2"]
[White "Colom Andres, Xavier"]
[Black "Valenzuela Gomez, Fernando Alberto"]
[Result "0-1"]
[WhiteElo "1821"]
[BlackElo "2362"]
[PlyCount "66"]
[EventDate "2022.09.30"]
[EventType "swiss"]
[EventRounds "9"]
[EventCountry "ESP"]
[SourceTitle "EXT 2024"]
[Source "ChessBase"]
[SourceDate "2023.10.10"]
[SourceVersion "1"]
[SourceVersionDate "2023.10.10"]
[SourceQuality "1"]

1. d4 d5 2. Nf3 Nf6 3. c4 e6 4. Nc3 Bb4 5. Bd2 0-0 6. e3 b6 7. a3 Bd6 8. cxd5 exd5 9. Be2 a6 10. 0-0 Nbd7 11. b4 Bb7 12. Qb3 Qe7 13. Rfc1 Ne4 14. Qa2 Ndf6 15. Be1 Kh8 16. Nd2 Ng5 17. Nf1 Rae8 18. Ng3 g6 19. Bd3 h5 20. Qe2 h4 21. Nf1 h3 22. g3 Bc8 23. f3 c5 24. bxc5 bxc5 25. Bf2 c4 26. Bc2 Bxa3 27. Rcb1 Bb4 28. Na4 a5 29. Be1 Nfh7 30. Nb6 Bb7 31. Ba4 Rd8 32. Bc2 Bxe1 33. Rxe1 Qf6 0-1

[Event "Barcelona Sant Marti op-B 22nd"]
[Site "Barcelona"]
[Date "2022.07.21"]
[Round "9"]
[White "Colom Andres, Xavier"]
[Black "Tortosa Moros, Joan"]
[Result "1/2-1/2"]
[WhiteElo "1915"]
[BlackElo "1547"]
[PlyCount "68"]
[EventDate "2022.07.13"]
[EventType "swiss"]
[EventRounds "9"]
[EventCountry "ESP"]
[SourceTitle "CBM 210 Extra"]
[Source "ChessBase"]
[SourceDate "2022.11.30"]
[SourceVersion "1"]
[SourceVersionDate "2022.11.30"]
[SourceQuality "1"]

1. d4 Nf6 2. c4 e6 3. g3 d5 4. Bg2 c5 5. cxd5 exd5 6. Nf3 c4 7. 0-0 Be7 8. Nc3 0-0 9. Ne5 Be6 10. b3 Bb4 11. Qc2 Bxc3 12. Qxc3 cxb3 13. Qxb3 Qc8 14. Ba3 Re8 15. Rfc1 Nc6 16. e3 Ne4 17. Qc2 Nxe5 18. dxe5 Qxc2 19. Rxc2 Rac8 20. Rac1 Rxc2 21. Rxc2 Rc8 22. Rxc8+ Bxc8 23. Bb4 b6 24. Kf1 Bb7 25. Ke2 Ba6+ 26. Ke1 Bb7 27. Bf1 Nc5 28. Be2 a5 29. Bc3 Ba6 30. f3 Bxe2 31. Kxe2 Ne6 32. h4 Kf8 33. Kd3 Ke7 34. Bd4 Nc5+ 1/2-1/2

[Event "Barcelona Christmas A"]
[Site "Barcelona"]
[Date "2019.01.03"]
[Round "7.2"]
[White "Albero Figueras, Emilio"]
[Black "Colom Andres, Xavier"]
[Result "0-1"]
[WhiteElo "1969"]
[BlackElo "1837"]
[PlyCount "38"]
[EventDate "2018.12.27"]
[EventType "swiss"]
[EventRounds "9"]
[EventCountry "ESP"]
[SourceTitle "EXT 2024"]
[Source "ChessBase"]
[SourceDate "2023.10.10"]
[SourceVersion "1"]
[SourceVersionDate "2023.10.10"]
[SourceQuality "1"]

1. d4 d5 2. e3 Nf6 3. Bd3 c5 4. Nd2 Nc6 5. Ngf3 Bg4 6. c3 e6 7. Qa4 Nd7 8. Bb5 Qc7 9. dxc5 Bxf3 10. Nxf3 Nxc5 11. Qd4 a6 12. Bxc6+ bxc6 13. b4 Ne4 14. Bb2 f6 15. Nd2 c5 16. bxc5 Nxc5 17. 0-0 Bd6 18. g3 0-0 19. c4 Be5 0-1

[Event "Barcelona Christmas A"]
[Site "Barcelona"]
[Date "2019.01.02"]
[Round "6.4"]
[White "Colom Andres, Xavier"]
[Black "Cano Sevilla, Ivan"]
[Result "1-0"]
[WhiteElo "1837"]
[BlackElo "1945"]
[PlyCount "83"]
[EventDate "2018.12.27"]
[EventType "swiss"]
[EventRounds "9"]
[EventCountry "ESP"]
[SourceTitle "EXT 2024"]
[Source "ChessBase"]
[SourceDate "2023.10.10"]
[SourceVersion "1"]
[SourceVersionDate "2023.10.10"]
[SourceQuality "1"]

1. d4 d5 2. Nf3 Nf6 3. c4 e6 4. Nc3 c5 5. cxd5 exd5 6. g3 Nc6 7. Bg2 Ne4 8. 0-0 f5 9. Bf4 a6 10. Rc1 Nxc3 11. Rxc3 c4 12. b3 b5 13. bxc4 bxc4 14. Qa4 Bd7 15. Re3+ Be7 16. Bd6 0-0 17. Qa3 Re8 18. Bxe7 Rxe7 19. Rxe7 Qxe7 20. Qxe7 Nxe7 21. Ne5 Bb5 22. a4 Bxa4 23. Nxc4 Rb8 24. Ne5 Bb5 25. Re1 Rc8 26. e3 Rc2 27. Ra1 g6 28. Bf1 Rb2 29. Bxb5 axb5 30. Ra7 Kf8 31. Ra8+ Kg7 32. Ra7 Kf8 33. Kg2 f4 34. Nd3 Rb1 35. Nxf4 b4 36. Rb7 Ke8 37. Nd3 Nc6 38. Nc5 Na5 39. Rb5 Nc4 40. e4 dxe4 41. Nxe4 Ke7 42. Kf3 1-0

[Event "Barcelona Christmas A"]
[Site "Barcelona"]
[Date "2018.12.29"]
[Round "3.2"]
[White "Colom Andres, Xavier"]
[Black "Bernat, Ernest"]
[Result "0-1"]
[WhiteElo "1837"]
[BlackElo "1897"]
[PlyCount "63"]
[EventDate "2018.12.27"]
[EventType "swiss"]
[EventRounds "9"]
[EventCountry "ESP"]
[SourceTitle "EXT 2024"]
[Source "ChessBase"]
[SourceDate "2023.10.10"]
[SourceVersion "1"]
[SourceVersionDate "2023.10.10"]
[SourceQuality "1"]

1. d4 e6 2. Nf3 f5 3. Bf4 Nf6 4. c4 d6 5. Nc3 Be7 6. Qc2 0-0 7. Rd1 c6 8. h3 d5 9. e3 Ne4 10. Bd3 Nd7 11. Ne5 Qe8 12. 0-0 g5 13. Bh2 Qh5 14. Be2 Qh6 15. Nxe4 fxe4 16. Bg4 Nxe5 17. Bxe5 Bf6 18. Bd6 Re8 19. Qb3 Qg7 20. Rc1 Qf7 21. Qd1 Qg7 22. b4 Be7 23. Bh5 Rf8 24. Be5 Bf6 25. Bg3 Bd7 26. b5 cxb5 27. cxd5 exd5 28. Rc7 Kh8 29. Bg4 Bxg4 30. Qc2 Bd7 31. Rc1 b6 32. Qb3 0-1

[Event "Barcelona Sant Marti op-B 20th"]
[Site "Barcelona"]
[Date "2018.07.18"]
[Round "6"]
[White "Volart Buil, Jordi"]
[Black "Colom Andres, Xavier"]
[Result "0-1"]
[WhiteElo "1715"]
[BlackElo "1838"]
[PlyCount "88"]
[EventDate "2018.07.13"]
[EventType "swiss"]
[EventRounds "9"]
[EventCountry "ESP"]
[SourceTitle "EXT 2019"]
[Source "ChessBase"]
[SourceDate "2018.10.10"]
[SourceVersion "1"]
[SourceVersionDate "2018.10.10"]
[SourceQuality "1"]

1. d4 d5 2. c4 dxc4 3. Nc3 a6 4. a4 e5 5. dxe5 Qxd1+ 6. Kxd1 Nc6 7. Nd5 Kd8 8. Bf4 Be6 9. e4 Na5 10. Rc1 b5 11. axb5 axb5 12. Ra1 Bc5 13. Be2 Bb6 14. b4 cxb3 15. Bxb5 Ne7 16. Bg5 Bc5 17. Ne2 b2 18. Rb1 c6 19. Nxe7 Bxe7 20. Bxe7+ Kxe7 21. Bd3 Rhd8 22. Kc2 Nc4 23. Bxc4 Bxc4 24. Rbe1 Rab8 25. Nf4 Ba2 26. Re3 b1Q+ 27. Rxb1 Bxb1+ 28. Kc3 Ba2 29. Kc2 Rb5 30. Ne2 Rxe5 31. f4 Ra5 32. Rc3 c5 33. f5 g6 34. g4 gxf5 35. gxf5 f6 36. Nc1 Bf7 37. h4 Rd4 38. Nd3 Rxe4 39. Nxc5 Rxh4 40. Re3+ Kf8 41. Nd7+ Kg7 42. Rg3+ Kh6 43. Nxf6 Rh2+ 44. Kb1 Rh1+ 0-1

[Event "Barcelona Sant Marti op-B 20th"]
[Site "Barcelona"]
[Date "2018.07.16"]
[Round "4"]
[White "Palacios Pena, Gerardo"]
[Black "Colom Andres, Xavier"]
[Result "1/2-1/2"]
[WhiteElo "1905"]
[BlackElo "1838"]
[PlyCount "66"]
[EventDate "2018.07.13"]
[EventType "swiss"]
[EventRounds "9"]
[EventCountry "ESP"]
[SourceTitle "EXT 2019"]
[Source "ChessBase"]
[SourceDate "2018.10.10"]
[SourceVersion "1"]
[SourceVersionDate "2018.10.10"]
[SourceQuality "1"]

1. d4 d5 2. Nf3 Nf6 3. Bf4 c5 4. e3 Nc6 5. c3 Qb6 6. Qb3 c4 7. Qc2 Bf5 8. Qc1 e6 9. h3 h6 10. Be2 Be7 11. 0-0 0-0 12. Nbd2 Rfc8 13. Ne5 Nxe5 14. Bxe5 Ne4 15. Nxe4 Bxe4 16. Bd1 Qd8 17. Bc2 Bxc2 18. Qxc2 b5 19. e4 a5 20. exd5 Qxd5 21. a3 Rd8 22. Rfe1 Bd6 23. Bxd6 Rxd6 24. Re5 Qc6 25. Qe2 Rad8 26. Re1 Rd5 27. Qh5 b4 28. axb4 axb4 29. Qf3 Qa4 30. Rxd5 Rxd5 31. Qg3 b3 32. Qb8+ Kh7 33. Qc7 Kg8 1/2-1/2

[Event "Montcada op-B 26th"]
[Site "Montcada"]
[Date "2018.07.02"]
[Round "9"]
[White "Malonda Rey, Albert"]
[Black "Colom Andres, Xavier"]
[Result "0-1"]
[WhiteElo "1617"]
[BlackElo "1862"]
[PlyCount "127"]
[EventDate "2018.06.25"]
[EventType "swiss"]
[EventRounds "9"]
[EventCountry "ESP"]
[SourceTitle "EXT 2019"]
[Source "ChessBase"]
[SourceDate "2018.10.10"]
[SourceVersion "1"]
[SourceVersionDate "2018.10.10"]
[SourceQuality "1"]

1. e4 c6 2. Nc3 d5 3. Nf3 Nf6 4. exd5 cxd5 5. d4 Nc6 6. Be2 Bg4 7. Be3 e6 8. 0-0 Be7 9. h3 Bh5 10. a3 0-0 11. Ne5 Bxe2 12. Qxe2 Rc8 13. f4 Na5 14. Kh1 Nc4 15. Nxc4 Rxc4 16. g4 Bd6 17. g5 Nd7 18. Na2 Nb6 19. c3 Rc8 20. Rae1 Qc7 21. Nb4 Bxb4 22. axb4 g6 23. h4 Nc4 24. Bc1 Nd6 25. Kg2 Qc4 26. h5 Qxe2+ 27. Rxe2 Ne4 28. h6 Rc6 29. Ree1 Rfc8 30. Be3 Nd6 31. Ra1 a6 32. Kf2 Kf8 33. Ke2 Ke8 34. Kd3 Kd7 35. Rfb1 Nc4 36. Ra2 Ke7 37. Bd2 f6 38. Rf1 Rf8 39. b3 Nxd2 40. gxf6+ Rxf6 41. Rxd2 g5 42. Rdf2 gxf4 43. Rxf4 Rxf4 44. Rxf4 e5 45. dxe5 Rxh6 46. Kd4 Ke6 47. c4 dxc4 48. bxc4 Rg6 49. Ke4 h5 50. b5 axb5 51. cxb5 Rg4 52. Rxg4 hxg4 53. b6 g3 54. Kf3 Kxe5 55. Kxg3 Kd5 56. Kf4 Kc5 57. Ke4 Kxb6 58. Kd4 Kb5 59. Kc3 Ka4 60. Kb2 Kb4 61. Ka2 Kc3 62. Ka1 b5 63. Ka2 b4 64. Kb1 0-1

[Event "Montcada op-B 26th"]
[Site "Montcada"]
[Date "2018.06.28"]
[Round "4"]
[White "Carrasco Cortada, Juan"]
[Black "Colom Andres, Xavier"]
[Result "0-1"]
[WhiteElo "1622"]
[BlackElo "1862"]
[PlyCount "102"]
[EventDate "2018.06.25"]
[EventType "swiss"]
[EventRounds "9"]
[EventCountry "ESP"]
[SourceTitle "EXT 2019"]
[Source "ChessBase"]
[SourceDate "2018.10.10"]
[SourceVersion "1"]
[SourceVersionDate "2018.10.10"]
[SourceQuality "1"]

1. e4 c6 2. d3 d5 3. Nd2 e5 4. Ngf3 Bd6 5. g3 Nf6 6. Bg2 0-0 7. 0-0 Bg4 8. h3 Be6 9. b3 a5 10. a4 Qc7 11. g4 Nbd7 12. Nh4 g6 13. Qe2 Rfe8 14. Re1 dxe4 15. dxe4 Nb6 16. Nf1 Bb4 17. Bd2 Bxd2 18. Qxd2 Qd8 19. Qg5 Nfd7 20. Qxd8 Raxd8 21. Rad1 Nf8 22. Ne3 Bc8 23. Bf1 Ne6 24. Rxd8 Rxd8 25. Rd1 Rxd1 26. Nxd1 Nd4 27. Bd3 Be6 28. Kg2 f6 29. Nf3 c5 30. Nxd4 cxd4 31. Kg3 g5 32. f3 Kf7 33. Kf2 Ke7 34. Ke2 Kd6 35. Kd2 Kc5 36. Kc1 Kb4 37. Kb2 Nd7 38. Nf2 Nc5 39. Bb5 Bf7 40. Nd3+ Nxd3+ 41. Bxd3 Be8 42. Be2 b5 43. axb5 Bxb5 44. Bxb5 Kxb5 45. Kc1 a4 46. bxa4+ Kxa4 47. Kd2 Kb4 48. Kd3 h6 49. Kd2 Kc4 50. Kd1 Kc3 51. Kc1 d3 0-1

[Event "Montcada op-B 26th"]
[Site "Montcada"]
[Date "2018.06.27"]
[Round "3"]
[White "Colom Andres, Xavier"]
[Black "Gorti, Atmika"]
[Result "1-0"]
[WhiteElo "1862"]
[BlackElo "1607"]
[PlyCount "65"]
[EventDate "2018.06.25"]
[EventType "swiss"]
[EventRounds "9"]
[EventCountry "ESP"]
[SourceTitle "EXT 2019"]
[Source "ChessBase"]
[SourceDate "2018.10.10"]
[SourceVersion "1"]
[SourceVersionDate "2018.10.10"]
[SourceQuality "1"]

1. d4 Nf6 2. Nf3 g6 3. c4 Bg7 4. Nc3 d5 5. e3 0-0 6. Be2 c6 7. 0-0 Qc7 8. b3 Rd8 9. Ba3 b6 10. Rc1 Qd7 11. Ne5 Qe8 12. cxd5 Nxd5 13. Nxd5 cxd5 14. Rc7 Bd7 15. Qc2 Bxe5 16. dxe5 Nc6 17. Qd2 Nxe5 18. Qxd5 Nc6 19. Bf3 Rac8 20. Rxc8 Rxc8 21. Rd1 Be6 22. Qg5 Rd8 23. Rc1 Rd2 24. h4 Na5 25. Bxe7 Qd7 26. Bf6 Qd6 27. Bc3 Rd3 28. Qf6 Rxc3 29. Rxc3 Qd2 30. h5 Qe1+ 31. Kh2 Qxf2 32. h6 Kf8 33. Qd8# 1-0

[Event "Montcada op-B 26th"]
[Site "Montcada"]
[Date "2018.06.25"]
[Round "1"]
[White "Colom Andres, Xavier"]
[Black "Febrero Perez, Lluis"]
[Result "1-0"]
[WhiteElo "1862"]
[BlackElo "1506"]
[PlyCount "61"]
[EventDate "2018.06.25"]
[EventType "swiss"]
[EventRounds "9"]
[EventCountry "ESP"]
[SourceTitle "EXT 2019"]
[Source "ChessBase"]
[SourceDate "2018.10.10"]
[SourceVersion "1"]
[SourceVersionDate "2018.10.10"]
[SourceQuality "1"]

1. d4 Nf6 2. c4 g6 3. Nc3 Bg7 4. Nf3 0-0 5. e4 e6 6. Bg5 d6 7. Be2 b6 8. 0-0 Bb7 9. Qc2 Qc8 10. Rac1 Na6 11. Rfd1 c5 12. e5 dxe5 13. dxe5 Nb4 14. Qb1 Ng4 15. Be7 Re8 16. Bd6 Nc6 17. Nb5 Ncxe5 18. Nc7 Nxf3+ 19. Bxf3 Bxf3 20. gxf3 Ne5 21. Qe4 f5 22. Qxa8 Qxa8 23. Nxa8 Nxf3+ 24. Kg2 Nh4+ 25. Kg3 g5 26. Nc7 Rd8 27. f4 Bxb2 28. Rb1 Bd4 29. Be5 Ng6 30. Nxe6 Nxe5 31. Nxd8 1-0

[Event "Barcelona Vila de Gracia Seniors 55+ op"]
[Site "Barcelona"]
[Date "2018.05.14"]
[Round "9"]
[White "Colom Andres, Xavier"]
[Black "Montell Zabay, Albert"]
[Result "1/2-1/2"]
[WhiteElo "1855"]
[BlackElo "1969"]
[PlyCount "21"]
[EventDate "2018.03.05"]
[EventType "swiss"]
[EventRounds "9"]
[EventCountry "ESP"]
[SourceTitle "EXT 2019"]
[Source "ChessBase"]
[SourceDate "2018.10.10"]
[SourceVersion "1"]
[SourceVersionDate "2018.10.10"]
[SourceQuality "1"]

1. d4 Nf6 2. Nf3 g6 3. g3 Bg7 4. Bg2 0-0 5. 0-0 d6 6. c4 c5 7. Nc3 Nc6 8. h3 a6 9. dxc5 dxc5 10. Qxd8 Rxd8 11. Bg5 1/2-1/2

[Event "Foment Martinenc op-A 20th"]
[Site "Barcelona"]
[Date "2018.05.12"]
[Round "4"]
[White "Colom Andres, Xavier"]
[Black "Riu Lopez, Daniel"]
[Result "0-1"]
[WhiteElo "1813"]
[BlackElo "2126"]
[PlyCount "70"]
[EventDate "2018.04.21"]
[EventType "swiss"]
[EventRounds "9"]
[EventCountry "ESP"]
[SourceTitle "CBM 184 Extra"]
[Source "ChessBase"]
[SourceDate "2018.06.28"]
[SourceVersion "1"]
[SourceVersionDate "2018.06.28"]
[SourceQuality "1"]

1. d4 e6 2. Nf3 Nf6 3. c4 Bb4+ 4. Nbd2 0-0 5. a3 Be7 6. e4 d5 7. e5 Nfd7 8. Bd3 dxc4 9. Nxc4 Nc6 10. 0-0 a6 11. Qc2 h6 12. Be3 b5 13. Ncd2 Bb7 14. Be4 Ndb8 15. Rac1 b4 16. Qa4 bxa3 17. bxa3 Qc8 18. Bxc6 Nxc6 19. Rxc6 Bxc6 20. Qxc6 Bxa3 21. Nc4 Bb4 22. Nfd2 Rd8 23. Ne4 Qd7 24. Qxd7 Rxd7 25. Ra1 Rd5 26. f3 Rb5 27. Bd2 Bxd2 28. Ncxd2 Rb4 29. Rc1 Rxd4 30. Rxc7 a5 31. Nb3 Rb4 32. Nbc5 a4 33. Nd6 a3 34. Rb7 a2 35. Nb3 Rxb3 0-1

[Event "Barcelona Vila de Gracia Seniors 55+ op"]
[Site "Barcelona"]
[Date "2018.04.30"]
[Round "7"]
[White "Colom Andres, Xavier"]
[Black "Monedero Gonzalez, Josep"]
[Result "0-1"]
[WhiteElo "1855"]
[BlackElo "1916"]
[PlyCount "82"]
[EventDate "2018.03.05"]
[EventType "swiss"]
[EventRounds "9"]
[EventCountry "ESP"]
[SourceTitle "EXT 2019"]
[Source "ChessBase"]
[SourceDate "2018.10.10"]
[SourceVersion "1"]
[SourceVersionDate "2018.10.10"]
[SourceQuality "1"]

1. d4 Nf6 2. Nf3 e6 3. c4 b6 4. g3 Bb7 5. Bg2 Bb4+ 6. Bd2 Qe7 7. 0-0 0-0 8. Nc3 a5 9. a3 Bxc3 10. Bxc3 d6 11. b4 Ne4 12. Bb2 Nd7 13. Nd2 Nxd2 14. Bxb7 Nxf1 15. Bxa8 Nxg3 16. Bg2 Nh5 17. Qd2 Qh4 18. e3 e5 19. bxa5 exd4 20. Bxd4 bxa5 21. Qxa5 c5 22. Bb2 Qxc4 23. Qd2 Qe6 24. Rd1 Nb6 25. Qxd6 Qxd6 26. Rxd6 Nc4 27. Rd5 Nxb2 28. Rxh5 Rc8 29. Be4 g6 30. Rd5 Nc4 31. Rd3 Kf8 32. a4 Ke7 33. Rc3 Na5 34. Bd5 c4 35. Kf1 f6 36. e4 Kd6 37. Ke2 Kc5 38. Kd2 Nb3+ 39. Kc2 Kd4 40. Rf3 Rb8 41. Be6 Kxe4 0-1

[Event "Foment Martinenc op-A 20th"]
[Site "Barcelona"]
[Date "2018.04.28"]
[Round "2"]
[White "Diaz Nieto, Alberto"]
[Black "Colom Andres, Xavier"]
[Result "0-1"]
[WhiteElo "1887"]
[BlackElo "1813"]
[PlyCount "86"]
[EventDate "2018.04.21"]
[EventType "swiss"]
[EventRounds "9"]
[EventCountry "ESP"]
[SourceTitle "CBM 184 Extra"]
[Source "ChessBase"]
[SourceDate "2018.06.28"]
[SourceVersion "1"]
[SourceVersionDate "2018.06.28"]
[SourceQuality "1"]

1. d4 d5 2. c4 c6 3. Nc3 Nf6 4. Nf3 dxc4 5. a4 Bf5 6. Ne5 Nbd7 7. Nxc4 e6 8. f3 Bb4 9. Bg5 Qc7 10. e4 Bg6 11. Be2 0-0 12. 0-0 Rfe8 13. Bh4 Nh5 14. Kh1 Qf4 15. g3 Qc7 16. g4 Nhf6 17. Bg3 Qd8 18. h4 h5 19. g5 Nh7 20. e5 Nb6 21. Nxb6 Qxb6 22. f4 Red8 23. Bxh5 Rxd4 24. Qf3 Bf5 25. Rad1 Rad8 26. Bf2 Bxc3 27. Qxc3 Be4+ 28. Kh2 c5 29. Bxd4 cxd4 30. Qd2 Qb3 31. Rc1 Nf8 32. Rc7 g6 33. Bd1 Qb6 34. Rc1 Nd7 35. b4 Nb8 36. b5 d3 37. Bf3 Bf5 38. Rfe1 Qd4 39. Bxb7 Nd7 40. Rc8 Rxc8 41. Bxc8 Nc5 42. Rd1 Nb3 43. Qa2 Qxf4+ 0-1

[Event "Barcelona Primavera La Lira op 11th"]
[Site "Barcelona"]
[Date "2018.04.26"]
[Round "3"]
[White "Gonzalez Muelas, Javier"]
[Black "Colom Andres, Xavier"]
[Result "1-0"]
[WhiteElo "1685"]
[BlackElo "1813"]
[PlyCount "61"]
[EventDate "2018.04.12"]
[EventType "swiss"]
[EventRounds "9"]
[EventCountry "ESP"]
[SourceTitle "CBM 184 Extra"]
[Source "ChessBase"]
[SourceDate "2018.06.28"]
[SourceVersion "1"]
[SourceVersionDate "2018.06.28"]
[SourceQuality "1"]

1. Nf3 d5 2. d4 Nf6 3. e3 Bg4 4. Be2 e6 5. b3 Bb4+ 6. c3 Bd6 7. Bb2 0-0 8. Nbd2 Nbd7 9. c4 c6 10. 0-0 Qe7 11. Ne5 Bxe2 12. Qxe2 Rac8 13. f4 Bb4 14. Rad1 Bxd2 15. Rxd2 Ne4 16. Rdd1 Nb6 17. Rf3 a5 18. Rh3 Rc7 19. Qh5 Nf6 20. Qh4 a4 21. Ng4 Ra8 22. e4 Kf8 23. Nxf6 Qxf6 24. Ba3+ Ke8 25. Qxh7 Kd7 26. Bc5 Ra6 27. f5 axb3 28. axb3 dxe4 29. fxe6+ Qxe6 30. Rf1 Qg4 31. Rxf7+ 1-0

[Event "Barcelona Vila de Gracia Seniors 55+ op"]
[Site "Barcelona"]
[Date "2018.04.23"]
[Round "6"]
[White "Zaiats, Vladimir"]
[Black "Colom Andres, Xavier"]
[Result "1/2-1/2"]
[WhiteElo "1974"]
[BlackElo "1855"]
[PlyCount "41"]
[EventDate "2018.03.05"]
[EventType "swiss"]
[EventRounds "9"]
[EventCountry "ESP"]
[SourceTitle "EXT 2019"]
[Source "ChessBase"]
[SourceDate "2018.10.10"]
[SourceVersion "1"]
[SourceVersionDate "2018.10.10"]
[SourceQuality "1"]

1. e4 c6 2. d4 d5 3. e5 c5 4. c3 Nc6 5. Nf3 Bg4 6. Be2 e6 7. 0-0 Nge7 8. dxc5 Bxf3 9. Bxf3 Ng6 10. b4 a5 11. Bd2 Ngxe5 12. Be2 Be7 13. a4 0-0 14. f4 Nc4 15. Bxc4 dxc4 16. Na3 axb4 17. cxb4 Qd4+ 18. Rf2 Rfd8 19. Nb5 Qd7 20. Qc1 Bf6 21. Ra3 1/2-1/2

[Event "Barcelona La Lira op 36th"]
[Site "Barcelona"]
[Date "2018.02.23"]
[Round "6.9"]
[White "Colom Andres, Xavier"]
[Black "Romero Funieles, Rafael de Jesus"]
[Result "0-1"]
[WhiteElo "1837"]
[BlackElo "1758"]
[PlyCount "120"]
[EventDate "2018.01.19"]
[EventType "swiss"]
[EventRounds "8"]
[EventCountry "ESP"]
[SourceTitle "EXT 2024"]
[Source "ChessBase"]
[SourceDate "2023.10.10"]
[SourceVersion "1"]
[SourceVersionDate "2023.10.10"]
[SourceQuality "1"]

1. d4 e6 2. c4 Be7 3. Nc3 Nf6 4. Nf3 a6 5. e4 d6 6. Bd3 Nc6 7. 0-0 e5 8. d5 Nb8 9. h3 h6 10. Be3 g5 11. Nh2 Bd7 12. Be2 c6 13. Ng4 c5 14. Rb1 a5 15. Nxf6+ Bxf6 16. Bg4 Bxg4 17. Qxg4 Nd7 18. Ne2 Nb6 19. b3 a4 20. Ng3 axb3 21. axb3 Nd7 22. Ra1 Rb8 23. Nh5 Kf8 24. Ra7 Be7 25. Qf3 Nf6 26. Ng3 Kg7 27. Rfa1 Qd7 28. Bd2 Kg6 29. b4 g4 30. Qf5+ Qxf5 31. Nxf5 Nxe4 32. Nxe7+ Kf6 33. Be1 Kxe7 34. f3 gxf3 35. gxf3 Ng5 36. Bh4 cxb4 37. Rb1 Kd7 38. Bxg5 hxg5 39. Kg2 f5 40. Rxb4 Kc7 41. Ra1 Ra8 42. Rab1 Ra7 43. Kg3 Rh4 44. Kg2 Ra2+ 45. Kf1 Ra7 46. Kg2 Rd4 47. Kg3 Rd3 48. Kg2 f4 49. R1b2 Rda3 50. Kf2 Ra2 51. Rxb7+ Rxb7 52. Rxa2 Rb4 53. Rc2 Kb6 54. Ke2 Kc5 55. Kd3 Rb1 56. Rg2 Rb3+ 57. Ke4 Re3+ 58. Kf5 Rxf3 59. Kg4 Rc3 60. Rf2 Rg3+ 0-1

[Event "Barcelona La Lira op 36th"]
[Site "Barcelona"]
[Date "2018.02.16"]
[Round "5.10"]
[White "Jimenez Dominguez, Alberto"]
[Black "Colom Andres, Xavier"]
[Result "0-1"]
[WhiteElo "1584"]
[BlackElo "1837"]
[PlyCount "68"]
[EventDate "2018.01.19"]
[EventType "swiss"]
[EventRounds "8"]
[EventCountry "ESP"]
[SourceTitle "EXT 2024"]
[Source "ChessBase"]
[SourceDate "2023.10.10"]
[SourceVersion "1"]
[SourceVersionDate "2023.10.10"]
[SourceQuality "1"]

1. d4 d5 2. Bf4 Nf6 3. e3 c5 4. c3 Qb6 5. Qb3 c4 6. Qc2 g6 7. Nd2 Bf5 8. Qc1 Bg7 9. Ngf3 Nbd7 10. h3 Qc6 11. a4 0-0 12. Be2 Rfc8 13. 0-0 Ne4 14. Nxe4 Bxe4 15. Nd2 Nf6 16. f3 Bf5 17. Re1 Nh5 18. Bh2 Nf6 19. Bf1 Be6 20. e4 Bh6 21. e5 Nd7 22. Qd1 Qb6 23. Ra2 Nb8 24. f4 Nc6 25. Qf3 Na5 26. Qd1 Bd7 27. Kh1 e6 28. Be2 Rab8 29. Bg1 Bxf4 30. Rf1 Bh6 31. Rf6 Qd8 32. Qf1 Be8 33. Bg4 Bxd2 34. Bxe6 fxe6 0-1

[Event "Barcelona La Lira op 36th"]
[Site "Barcelona"]
[Date "2018.01.19"]
[Round "1.13"]
[White "Creixans Comerma, Pol"]
[Black "Colom Andres, Xavier"]
[Result "0-1"]
[WhiteElo "1470"]
[BlackElo "1837"]
[PlyCount "70"]
[EventDate "2018.01.19"]
[EventType "swiss"]
[EventRounds "8"]
[EventCountry "ESP"]
[SourceTitle "EXT 2024"]
[Source "ChessBase"]
[SourceDate "2023.10.10"]
[SourceVersion "1"]
[SourceVersionDate "2023.10.10"]
[SourceQuality "1"]

1. Nf3 d5 2. e4 dxe4 3. Ng5 Bf5 4. Nc3 Nf6 5. Bc4 e6 6. f3 Qd4 7. Bb3 h6 8. fxe4 hxg5 9. exf5 Qh4+ 10. g3 Qxg3+ 11. hxg3 Rxh1+ 12. Ke2 Rxd1 13. Kxd1 exf5 14. d3 g4 15. Nb5 Na6 16. Bf4 c6 17. Nd6+ Bxd6 18. Bxd6 Kd7 19. Be5 Rh8 20. Ke2 Rh2+ 21. Ke3 Nd5+ 22. Bxd5 cxd5 23. c4 f6 24. Bc3 dxc4 25. dxc4 Nc5 26. Rf1 Ke6 27. Bd4 b6 28. Bxc5 bxc5 29. Rf2 Rxf2 30. Kxf2 Ke5 31. Ke3 g5 32. a3 f4+ 33. gxf4+ gxf4+ 34. Kd3 g3 35. Ke2 Kd4 0-1